000 01661nam a2200241Ia 4500
999 _c46183
_d46183
001 13016
003 GE_BSU
005 20240718111632.0
008 181216s2008||||ge |||||||||||||| ||geo||
020 _a978-9941-13-046-5
040 _cGE_BSU
041 _ageo
080 _a821.353.1.09-7+821.353.1(092) ვაჟა ფშაველა წ-73
100 _aწოწკოლაური, დავით
_914903
245 _aვაჟა-ფშაველას თეორიულ-ლიტერატურული ნააზრევი :
_bსამყაროსეულ და მხატვრულ ღირებულებათა ურთიერთმიმართების პრობლემა /
_cდავით წოწკოლაური ; რედქტორი იუზა ევგენიძე ; ივანე ჯავახიშვილის სახელობის თბილისის სახელმწიფო უნივერსიტეტი.
264 _aთბილისი :
_bთბილისის უნ-ტის გამ-ბა,
_c2008.
300 _a539 გვ. ;
_c20 სმ.
653 _aქართული ლიტერატურის ისტორია და კრიტიკა
653 _a ვაჟა-ფშაველა
700 _aევგენიძე, იუზა
_eრედაქტორი
_95769
710 _aივანე ჯავახიშვილის სახელობის თბილისის სახელმწიფო უნივერსიტეტი
_922868
942 _cBK
_2udc